Le Bhoutan pour les touristes... - Facile - Statistiques

Statistiques générales
  • Ce quiz a été pris 5 fois
  • Le résultat moyen est 7 sur 20
Statistiques - réponses
Question Indice Réponses Indice facile % Correct
Combien d'heures (environ) mettrez-vous pour vous y rendre ? (en chiffres) 18
80%
Dans la capitale quel est le décalage horaire avec Paris ? (+ ou - et chiffre) ex - 10 ou + 3,5 + 4
80%
Le suffixe internet est bt
80%
Quelles sont les principaux lieux touristiques ? L {Laya} YAAL
80%
Le principal aéroport est P Paro ROPA
80%
Quelles sont les principaux lieux touristiques ? P Vallée de {Paro} ROPA
80%
La religion majoritaire est Bouddhisme B
60%
Quel est le régime du pays ? M C P Monarchie constitutionnelle parlementaire
60%
Achats à faire 3/ Objets en... qui ne serve pas qu'à écrire Papier PIPERA
40%
Quel est le climat local ? T Tropical
40%
Quelle est la langue officielle ? Dzongkha D
20%
Code sur les plaques minéralogiques BHT
0%
Comment se nomme la principale compagnie aérienne locale D Drukair ARDUIKR
0%
Achats à faire 2/ Sculpture appelée Jim-zo ZOMIJ
0%
Quelle est la monnaie ? Ngultrum N
0%
Achats à faire 4/ Moulin à Prières REPRISE
0%
Quelles sont les principaux lieux touristiques ? P {Punakha} NAHUAKP
0%
Quelles sont les principaux lieux touristiques ? B Région du {Bumthang} BUGNATHM
0%
Achats à faire 1/ Peintures de divinités Tangkas KAGNATS
0%
Quelles sont les principaux lieux touristiques ? L Territoire de {Lhuntse} THUNELS
0%
Aucun quiz correspondant
Distribution des résultats
% des personnes avec chaque résultat
Percentile par nombre de réponses
Votre historique - résultats
Vous n’avez pas pris ce quiz